000 00888nam a2200289Ia 4500
001 Para_6710
003 CHAP
008 220125s1981 xx 000 0 und d
010 _a205479
040 _cCHAP
090 _aPA FOLLETO 691
100 _aBrunner, Jay F.
_9171509
245 _aTree fruit insects /
_c by Jay F. Brunner and Angus J. Howitt
260 _aEast Lansing, Mich :
_b Cooperative Extension SErvice of Michigan State University
300 _a60 p.
440 _aNorth central regoinal extension publication; 63
_9171510
650 _aArboles frutales
_x plagas
_96683
650 _aInsectos parĂ¡sitos y predatores
_958961
700 _aHowitt, Angus J.
_9171511
901 _aPA FOLLETO 691
902 _aA
905 _a0000001981 a 0000000000 00
910 _a1981
942 _cPARA
942 _cPARA
_d1
999 _c205479
_d205479